000 00736nam a2200289Ia 4500
005 20260324112717.0
008 008 260324s9999 xx 000 0 eng d
020 _a9781003437369
037 _aEBOOK
040 _aCRL
040 _beng
040 _cCRL
041 _2eng
041 _aeng
084 _qCRL
100 _aAkshansh Mishra; Vijaykumar S Jatti; Shivangi Paliwal
_91143828
245 0 _aSustainable Materials
245 4 _bThe Role of Artificial Intelligence and Machine Learning
260 _bTaylor and Francis
260 _c2024
365 _a
365 _b260
856 _uhttp://www.taylorfrancis.com/books/9781003437369
942 _cEBOOK
999 _c1733138
_d1733138